| 000 | 00539nam a2200169 a 4500 | ||
|---|---|---|---|
| 001 | 000029412 | ||
| 005 | 20200930055531.0 | ||
| 008 | 110415nuuuuuuuudr a 000 | spa d | ||
| 040 |
_aDO-SdBNP _bspa _cBNPHU |
||
| 082 |
_axxx _bM559f |
||
| 100 | 1 |
_aMerejildo, Milagros _956291 |
|
| 245 | 1 | 0 |
_aFuerza honda / _cMilagros Merejildo. |
| 260 |
_a[Santo Domingo] : _b[s.n.], _c[199-?]. _f(Sisteconsa Impresos) |
||
| 300 |
_a55 p. : _bil. ; _c21 cm. |
||
| 500 | _aIncluye datos biográficos de la autora en la solapa de la cubierta. | ||
| 049 | _aBNPD | ||
| 999 |
_c28904 _d28904 |
||